|
|
|
|
| LEADER |
00000cam a2200000 7i4500 |
| 001 |
0000038457 |
| 005 |
20170413093000.0 |
| 008 |
021119n |
| 020 |
|
|
|a 0803988796
|
| 020 |
|
|
|a 080398880X ,
|c (pbk.)
|
| 090 |
0 |
0 |
|a HM131
|b .P672 1993
|
| 245 |
0 |
0 |
|a Postmodernism and organizations
|c edited by John Hassard and Martin Parker
|
| 260 |
2 |
|
|a London ;
|a Thousand Oaks, Calif. :
|b Sage Publications ,
|c 1993
|
| 300 |
|
|
|a xv, 240 p. :
|b ill. ; ;
|c 24 cm.
|
| 504 |
|
|
|a Includes bibliographical references (p. 213-233) and index
|
| 650 |
|
0 |
|a Organizational sociology
|
| 650 |
|
0 |
|a Postmodernism
|
| 700 |
0 |
|
|a Hassard, John ,
|d 1953- ,
|e author
|
| 700 |
0 |
|
|a Parker, Martin ,
|d 1962- ,
|e author
|
| 999 |
|
|
|a 1000083715
|b Book
|c OPEN SHELF (30 DAYS)
|e Gong Badak Campus
|